New trends in design of experiments

Plánovanie experimentov (design of experiments - DOE). Popis implementácie teórie DOE v piatich krokoch. Kapitoly nastavenia. Projektovanie so štatistickým softvérom SAS. Výhody SAS systému v oblasti vhodnosti (želateľnosti).

Saved in:
Bibliographic Details
Main Author: Horníková, Adriana
Format: Book Chapter
Language:English
Subjects:
Tags: Add Tag
No Tags, Be the first to tag this record!

MARC

LEADER 00000naa$a2200000$$$4500
001 0118289
005 20240613074522.6
041 0 |a eng 
044 |a SK 
245 1 0 |a New trends in design of experiments  |c Adriana Horníková 
520 |a Plánovanie experimentov (design of experiments - DOE). Popis implementácie teórie DOE v piatich krokoch. Kapitoly nastavenia. Projektovanie so štatistickým softvérom SAS. Výhody SAS systému v oblasti vhodnosti (želateľnosti). 
610 2 0 |a experimenty 
610 2 0 |a dizajn 
610 2 0 |a plánovanie 
610 2 0 |a systémy štatistické 
610 2 0 |a softvér 
100 1 |a Horníková, Adriana